000 00569nam a2200241Ia 4500
003 OSt
005 20221006151714.0
006 a|||||r|||| 00| 0
007 ta
008 221006b |||||||| |||| 00| 0 jpn d
020 _cY1200
024 _a23,065
037 _cTextual
040 _aEASL
_cEASL
_bjpn
041 _2jpn
_ajpn
100 _aMIZUTANI Osamu
_9150483
245 0 _aNihongo no seitai
260 _aTokyo
_bSotakusha
_c1979
300 _a232p.
_ccm.
650 _aJL
942 _cTEXL
_2CC
999 _c1091151
_d1091151